000 00323nam a2200145Ia 4500
100 _aUnterweiser P. M. ed
942 _cRB
654 _aHeat Treaters
245 _aHeat Treaters Guide
260 _bAmerican Society for metals
_aOhio
_c1987
082 _a672.3
_bAsm
300 _a493
546 _aENGLISH
999 _c26003
_d26003